UBT Library

DEADALUS JOURNAL OF THE AMERICAN ACADEMY OF ARTS AND SCIENCES WINTER 1988 (Record no. 60306)

000 -LEADER
fixed length control field 00370nam a22001457a 4500
008 - FIXED-LENGTH DATA ELEMENTS--GENERAL INFORMATION
fixed length control field 230911b ||||| |||| 00| 0 eng d
020 ## - INTERNATIONAL STANDARD BOOK NUMBER
International Standard Book Number 00115266
041 ## - LANGUAGE CODE
Language code of text/sound track or separate title eng
080 ## - UNIVERSAL DECIMAL CLASSIFICATION NUMBER
Edition identifier VOLUME117
Universal Decimal Classification number 7
082 ## - DEWEY DECIMAL CLASSIFICATION NUMBER
Classification number 7GRA
100 ## - Rafti
Rafti 20
101 ## - Shkurtesa
Shkurtesa ART
245 ## - TITLE STATEMENT
Title DEADALUS JOURNAL OF THE AMERICAN ACADEMY OF ARTS AND SCIENCES WINTER 1988
Statement of responsibility, etc GRAUBARD.R.S
942 ## - ADDED ENTRY ELEMENTS (KOHA)
Source of classification or shelving scheme
Item type Books
Holdings
Withdrawn status Lost status Source of classification or shelving scheme Damaged status Not for loan Collection code Permanent location Current location Date acquired Total Checkouts Full call number Barcode Date last seen Price effective from Koha item type
          Koleksioni i përgjithshem UBT - Lipjan UBT - Lipjan 09/11/2023   7GRA 002-800070236 09/11/2023 09/11/2023 Books
UBT Library © 2015-2024. All rights reserved University Education for Business and Technology